096_ Personnalités nées un 6 avril par images - Statistiques

Statistiques générales
  • Ce quiz a été pris 37 fois
  • Le résultat moyen est 3 sur 9
Statistiques - réponses
Par images Hint Réponse % Correct
Youtubeur et Journaliste HugoDécrypte
92%
Rappeur SCH
84%
Humoriste Jérémy Ferrari
81%
Rappeur Niska
51%
Peintre Raphaël
24%
Actrice Pauline Lafont
8%
Politicien Tim Walz
5%
Acteur Billy Dee Williams
3%
Peintre Gustave Moreau
0%
Aucun quiz correspondant
Distribution des résultats
% des personnes avec chaque résultat
Percentile par nombre de réponses
Votre historique - résultats
Vous n’avez pas pris ce quiz